000 00505nam a2200193Ia 4500
005 20250508162027.0
008 008 250505s9999 xx 000 0 eng d
037 _aTextual
040 _aFEDL
_beng
_cFEDL
041 _aeng
_2eng
084 _a301, SCH
_qFEDL
100 _aSchumacher E. F.
245 0 _aGood work
260 _aNew Delhi, India
_bBaha' I Publishing Trust
_c1979
300 _axi,148p.
650 _aSociology
942 _cTEXL
_h301, SCH
999 _c1373915
_d1373915